| 000 | 00332 a2200133 4500 | ||
|---|---|---|---|
| 999 |
_c321132 _d321132 |
||
| 001 | 86059 | ||
| 003 | NUST | ||
| 005 | 20180120161305.0 | ||
| 008 | 180120b xxu||||| |||| 00| 0 eng d | ||
| 082 | _a297.3824 SHA | ||
| 100 |
_aSyed Shabbir Ahmad _99306 |
||
| 245 | _aNamaz With Qurani and Masnon Duaen | ||
| 260 |
_aPeshawar _bPAF Books Club _c2012 |
||
| 300 | _a224p. | ||
| 500 | _aPAF Book Club | ||
| 942 |
_aCAE NUST _cBK _k297.3824 SHA _2ddc |
||